Mikä leivonnainen kuvavisa - Statistics

Yleistilastot
  • Tätä visaa on pelattu 147 kertaa
  • Keskiarvotulos 15 / 25
Vastaustilastot
Kuvavisa Vastaus % Oikein
Omenapiirakka
97%
Runebergin torttu
96%
Korvapuusti
95%
Laskiaispulla
95%
Mokkapiirakka
95%
Mustikkapiirakka
94%
Tiikerikakku
91%
Mutakakku
86%
Macaron
84%
Tuulihattu
82%
Suklaamuffinssi
79%
Prinsessakakku
78%
Kaneliässät
72%
Tiramisu
59%
Britakakku
56%
Cakepops eli kakkutikkarit
51%
Porkkanapiirakka
49%
Unelmatorttu
47%
Toscapiirakka
42%
Mangojuustokakku
40%
Kinderpiirakka
34%
Arabialainen maustekakku
9%
Brownies
9%
Schwarzwaldin kakku
3%
Suklaasikari
1%
Ehtoja vastaavia visoja ei löytynyt
Tulosjakauma
Jokaisen tuloksen saaneiden osuus
Persentiili vastausten määrän mukaan
Tuloshistoriasi
Et ole pelannut tätä visaa